Practical computer skills for social work (Record no. 222074)
[ view plain ]
| 000 -LEADER | |
|---|---|
| fixed length control field | 01224nam a22002297a 4500 |
| 005 - DATE AND TIME OF LATEST TRANSACTION | |
| control field | 20220412102253.0 |
| 008 - FIXED-LENGTH DATA ELEMENTS--GENERAL INFORMATION | |
| fixed length control field | 220329b ||||| |||| 00| 0 eng d |
| 020 ## - INTERNATIONAL STANDARD BOOK NUMBER | |
| International Standard Book Number | 9781844450602 |
| 040 ## - CATALOGING SOURCE | |
| Transcribing agency | AL |
| 041 ## - LANGUAGE CODE | |
| Language code of text/sound track or separate title | eng |
| 082 ## - DEWEY DECIMAL CLASSIFICATION NUMBER | |
| Edition number | 23 |
| Classification number | 004.0243613 |
| Item number | GREP |
| 100 ## - MAIN ENTRY--PERSONAL NAME | |
| Personal name | Claire Gregor |
| 9 (RLIN) | 26411 |
| 245 ## - TITLE STATEMENT | |
| Title | Practical computer skills for social work |
| 260 ## - PUBLICATION, DISTRIBUTION, ETC. | |
| Place of publication, distribution, etc. | Glasgow |
| Name of publisher, distributor, etc. | Learnings Matters |
| Date of publication, distribution, etc. | 2006 |
| 300 ## - PHYSICAL DESCRIPTION | |
| Extent | viii,115p. |
| Other physical details | PB |
| Dimensions | 24.5x17.1cm. |
| 365 ## - TRADE PRICE | |
| Source of price type code | General |
| Price type code | VBI-1346 |
| Price amount | ₹1522.95 |
| Currency code | ₹ |
| Unit of pricing | ₹2030.60 |
| Price note | 25% |
| Price effective from | 21-02-2022 |
| 440 ## - SERIES STATEMENT/ADDED ENTRY--TITLE | |
| Title | Transforming social work practice |
| 9 (RLIN) | 26412 |
| 440 ## - SERIES STATEMENT/ADDED ENTRY--TITLE | |
| Title | Jonathan, Parker; Greta, Bradley |
| 9 (RLIN) | 26413 |
| 520 ## - SUMMARY, ETC. | |
| Summary, etc. | What relevance has IT to a social worker? The GSCC demands computer literacy to the level of the European Computer Driving License. This book enables students to identify their standard in the seven core areas and through carefully planned activities mapped to social work skills, it helps them to reach the required standard and to enhance their professional practice. Ideal for self-directed study, it could also form the basis of a course in which the students create an e-portfolio of IT skills. |
| 650 ## - SUBJECT ADDED ENTRY--TOPICAL TERM | |
| Topical term or geographic name entry element | Computer skills |
| Form subdivision | Data processing |
| 9 (RLIN) | 29473 |
| 942 ## - ADDED ENTRY ELEMENTS (KOHA) | |
| Source of classification or shelving scheme | Dewey Decimal Classification |
| Koha item type | Book |
| Withdrawn status | Lost status | Source of classification or shelving scheme | Damaged status | Not for loan | Collection code | Home library | Current library | Date acquired | Source of acquisition | Cost, normal purchase price | Total Checkouts | Full call number | Barcode | Date last seen | Cost, replacement price | Price effective from | Koha item type |
|---|---|---|---|---|---|---|---|---|---|---|---|---|---|---|---|---|---|
| Dewey Decimal Classification | MSW | St Aloysius PG Library | St Aloysius PG Library | 03/05/2022 | Vidyarthi Books | 1522.95 | 004.0243613 GREP | PG023709 | 08/24/2022 | 2030.60 | 02/21/2022 | Book |